Aportes sobre educación bilingüe 1952-1982.

में बचाया:
ग्रंथसूची विवरण
मुख्य लेखक: Pierola, Virginia (autor)
स्वरूप: पुस्तक
भाषा:स्पेनिश
श्रृंखला:(Cuadernos educativos ; no. 3)
विषय:
टैग: टैग जोड़ें
कोई टैग नहीं, इस रिकॉर्ड को टैग करने वाले पहले व्यक्ति बनें!

MARC

LEADER 00000cam^a2200000uu^4500
001 000474371
005 20250521000000.0
008 050901s1983^^^^^^^^^^^^r^^r^^000^0^spa^d
009 20260526150221.626
035 |a FCE 000017231 
035 |a FCE 016709 
037 |a Acervo ITESO - Biblioteca 
041 |a spa 
082 0 4 |a 370.196  |b PIEa 
100 |a Pierola, Virginia  |e (autor) 
245 1 0 |a Aportes sobre educación bilingüe 1952-1982. 
264 |a La Paz, Bolivia :  |b CEBIAE : REDUC,  |c 1983. 
300 |a 50 p. 
336 |a texto  |b txt  |2 rdacontenido 
337 |a sin mediación  |b n  |2 rdamedio 
338 |a volumen  |b nc  |2 rdasoporte 
440 0 |a (Cuadernos educativos ;  |v no. 3) 
649 |a XX 
650 |a Estadísticas educativas 
650 |a Educación rural 
650 |a Estrategias de la educación 
650 |a Educación bilingüe 
650 |a Problemas educativos 
650 |a Sociolingüística 
650 |a Bolivia 
910 |a Fondo Centro de Estudios Educativos 
920 |a Impresos - Libros 
930 |a Fondos Especiales 
905 |a 133 
901 |a ALE016709  |b IT2  |c CEE  |u 20250521 
901 |a ALE041270  |b IT2  |c CEE  |u 20250521 
902 |a https://opac.biblio.iteso.mx/vufind/Record/000474371